000 00590nam a2200193 i 4500
001 72771
003 ES-MaACL
007 t|
008 040902s1974 sp ||||1| spa d
100 1 _aGodelier, Maurice.
_957517
245 1 0 _aEsquemas de evolución de las sociedades /
_cMaurice Godelier.
250 _a[3ª ed.].
260 _a[Madrid] :
_bMiguel Castellote,
_c[1974]
300 _a94 p. ;
_c17 cm.
490 1 _aColección de bolsillo básica ;
_v15
830 0 _aColección de bolsillo básica ;
_v15
_9182652
852 _aES-MaACL
_jE-7409
_bR.91439
999 _c72771
_d72771